| 000 | 00769cab a2200193 4500 | ||
|---|---|---|---|
| 001 | L135783 | ||
| 008 | 061211n2006 000 0 eng u | ||
| 035 | _a(Sirsi) u135783 | ||
| 041 | 1 | _aeng | |
| 100 | 1 | _aBill, Peter | |
| 245 | 0 | 0 | _aNew York New York |
| 260 | _c2006 | ||
| 490 | 0 |
_aEstates Gazette _v(0645) 11 November 2006 77-87 (11) |
|
| 520 | _aLooks at the rise and growth of the office market in New York including information on the high rate of US broking fees, the regeneration of Times Square, the refurbishment of the Empire State Building which should double its value, and the rebirth of the World Trade Center. | ||
| 590 | _aKA | ||
| 651 | 4 | _aNEW YORK | |
| 690 | _aPROPERTY-COMMERCIAL PROPERTY-OFFICE PROPERTY-OFFICE PROPERTY MARKET | ||
| 942 | _n0 | ||
| 999 |
_c77988 _d77988 |
||